000
00269nam a22001217a 4500
020
_a
9788120343689
082
_a
333.7
100
_a
Berck,Peter
245
_a
The economics of the environment
260
_a
New Delhi
_b
PHI learning
_c
2011
300
_a
508
942
_c
BK
999
_c
29
_d
29